00721cam a22002291 4500001001300000003000400013005001700017008004100034010001700075035002000092040001800112042001200130043001200142050002800154100003100182245013300213260004000346300003300386651003400419650002100453999001700474g 01001459 DLC20260227111255.0821217s1878 gw 000 0 ger  ag 01001459  a(OCoLC)29095185 aDLCcMnUdDLC apremarc ae-gx---00aHB41b.S7 bd. 1, heft 51 aMichaelis, Richard,d1856-14aDie gliederung der gesellschaft nach dem wohlstande, auf grund der neuren amtlichen deutschen einkommens- und wohnungsstatistik. aLeipzig,bDuncker & Humblot,c1878. avii p., 1 l., 134 p.c23 cm. 0aGermanyxEconomic conditions. 0aIncomezGermany. c23748d23748